000 00555cam a2200193ua 4500
001 5981
008 131030n ii |||gr||||Z||||||eng
020 _a19 561955 2
040 _cMAIN
082 _a954.035
100 _aSingh,Anita Inder,
_eAuthor.
245 _aOrigins of the Partition of India 1936-1947
_cby Anita Inder Singh
260 _aBombay:
_bOxford University Press,
_c1987.
300 _axv,265p.
653 _aIndian history
653 _aOrigins of the Partition of India 1936-1947
653 _aNational movement of India
942 _cBK
999 _c5135
_d5135